Normal view MARC view
  • Footprints on the sands of time

Entry Topical Term

Number of records used in: 1

001 - CONTROL NUMBER

  • control field: 107816

003 - CONTROL NUMBER IDENTIFIER

  • control field: NUST

005 - DATE AND TIME OF LATEST TRANSACTION

  • control field: 20230126172928.0

008 - FIXED-LENGTH DATA ELEMENTS

  • fixed length control field: 230126|| aca||aabn | a|a d

040 ## - CATALOGING SOURCE

  • Original cataloging agency: NUST
  • Transcribing agency: NUST

150 ## - HEADING--TOPICAL TERM

  • Topical term or geographic name entry element: Footprints on the sands of time

670 ## - SOURCE DATA FOUND

  • Source citation: Work cat.: (NUST)186140: .Pearce, F.G 107814, Footprints on the sands of time:, 1942
© 2023 Central Library, National University of Sciences and Technology. All Rights Reserved.